| 000 | 00793nam a2200229 i 4500 | ||
|---|---|---|---|
| 001 | 85095 | ||
| 003 | ES-MaACL | ||
| 005 | 20231227062536.0 | ||
| 007 | t| | ||
| 008 | 041125s1979 sp |||| | spa d | ||
| 020 | _a84-85417-03-8 | ||
| 080 | _a821.134.2-14"19" | ||
| 100 | 1 |
_aJiménez, Juan Ramón, _d1881-1958 _966417 |
|
| 245 | 1 | 0 |
_aOlvidos de Granada : _b(facsímil del original de 1945 y varios textos inéditos del poeta) / _cJuan Ramón Jiménez ; preliminar y notas de Francisco Giner de los Ríos. |
| 260 |
_aMadrid : _bCaballo Griego para la Poesía, _c[1979] |
||
| 300 |
_a111 p. ; _c24 cm. |
||
| 490 | 1 |
_aHéroe ; _v1 |
|
| 700 | 1 |
_aGiner de los Ríos, Francisco, _d1917-1995 _957123 |
|
| 830 | 1 |
_aHéroe ; _v1 _9183858 |
|
| 852 |
_aES-MaACL _jA-10549 |
||
| 999 |
_c85095 _d85095 |
||